| LEADER | 01077nem a2200301 a 4500 | ||
|---|---|---|---|
| 001 | 000427222 | ||
| 003 | CZ BrMZK | ||
| 005 | 20040623131652.0 | ||
| 008 | 010907s1997 xr f cze d | ||
| 015 | |a cnb000704064 | ||
| 020 | |a 80-85393-36-0 | ||
| 040 | |a BOA001 |b cze | ||
| 043 | |a e-xr--- |b e-xr-ol |2 czenas | ||
| 080 | |a (437.325) |2 MRF | ||
| 080 | |a (084.3) |2 MRF | ||
| 080 | |a 913 |2 MRF | ||
| 080 | |a 912.43:911.375 |2 MRF | ||
| 245 | 0 | 0 | |a Olomouc : |b plán města s mapou okolí |h [kartografický dokument] |
| 250 | |a 1. vyd. | ||
| 255 | |a [Měřítko] 1:10 000, 1:100 000 | ||
| 260 | |a Česká Lípa : |b Geodézie ČS, |c 1997 | ||
| 300 | |a 1 list ; |c 59 x 83 cm složený na 21 x 11 cm | ||
| 500 | |a Podnáz. též něm., angl. a franc. - Barev. slož. m. se seznamem ulic, text, vysvětl. a doplň. mapy na rubu | ||
| 655 | 7 | |a plány měst |7 fd133027 |2 czenas | |
| 651 | 7 | |a Olomouc (Česko) |7 ge130299 |2 czenas | |
| 910 | |a BOA001 |b Skř.9A-1060.998 | ||
| 990 | |a MP | ||
| 996 | 6 | |b 2610096006 |c Skř.9A-1060.998 |l MZK |r Sklad / do 24 hodin |n 5 |p p.v. |w 000427222 |u 000010 |a 1 |e BOA001 |j MZK50 |s P | |
English
Čeština 